000 00346nam a2200133 4500
005 20260530113907.0
100 1 _aJohn Pile
_932930
245 1 0 _aOpen Office Space
264 1 _bThe Office Book Series / Facts on File
_c1984
300 _a96 páginas
336 _atexto
_2rdacontent
337 _asin medio
_2rdamedia
338 _avolumen
_2rdacarrier
999 _c11992
_d11992